000 00315nam a22001337a 4500
008 170519b xxu||||| |||| 00| 0 eng d
020 _a9780155676541
041 _aeng
080 _24TH
_a94
100 _a16
101 _aSHH
245 _aTHE OTHER SIDE OF WESTERN CIVILIZATION
_cSTEARNS, P.N
942 _2udc
_cBK
999 _c13522
_d13522